Verhaltensstörungen und Sozialstruktur: Epidemiologie: Empirie, Theorie, Praxis
| Contributors: | |
|---|---|
| Format: | Print Book |
| Language: | German |
| Published: |
München [u.a.]
Urban und Schwarzenberg
1974
|
| In: |
Medizin und Sozialwissenschaften (1)
Year: 1974 |
| Online Access: |
Table of Contents |
| Availability in Tübingen: | Present in Tübingen. IFK: M VIII 30 |
| Check availability: | HBZ Gateway |
| Subito Delivery Service: | Order now. |
| Keywords: |
MARC
| LEADER | 00000cam a2200000 c 4500 | ||
|---|---|---|---|
| 001 | 021989737 | ||
| 003 | DE-627 | ||
| 005 | 20260206203614.0 | ||
| 007 | tu | ||
| 008 | 710101s1974 gw ||||| 00| ||ger c | ||
| 015 | |a 74,A40,1124 |2 dnb | ||
| 016 | 7 | |a 740451103 |2 DE-101 | |
| 020 | |a 3541064714 |9 3-541-06471-4 | ||
| 035 | |a (DE-627)021989737 | ||
| 035 | |a (DE-603)025340816 | ||
| 035 | |a (DE-576)004331966 | ||
| 035 | |a (DE-599)GBV021989737 | ||
| 035 | |a (OCoLC)263280067 | ||
| 035 | |a (OCoLC)03817944 | ||
| 035 | |a (AT-OBV)AC00689149 | ||
| 035 | |a (DE-604)800941584x | ||
| 040 | |a DE-627 |b ger |c DE-627 |e rakwb | ||
| 041 | |a ger | ||
| 044 | |c XA-DE |c XA-AT | ||
| 050 | 0 | |a RC455 | |
| 060 | 0 | |a WM 140 | |
| 084 | |a 17a |2 sdnb | ||
| 084 | |a 17a |a 05b |2 sdnb | ||
| 084 | |a YH 3100 |2 rvk |0 (DE-625)rvk/153536:12905 | ||
| 084 | |a YH 4600 |2 rvk |0 (DE-625)rvk/153546:12905 | ||
| 084 | |a MS 6250 |2 rvk |0 (DE-625)rvk/123746: | ||
| 084 | |a CU 9500 |2 rvk |0 (DE-625)rvk/19149: | ||
| 084 | |a CU 4000 |2 rvk |0 (DE-625)rvk/19113: | ||
| 084 | |a ZX 9840 |2 rvk |0 (DE-625)rvk/158536:14257 | ||
| 084 | |a 44.91 |2 bkl | ||
| 090 | |a a | ||
| 245 | 0 | 0 | |a Verhaltensstörungen und Sozialstruktur |b Epidemiologie: Empirie, Theorie, Praxis |c hrsg. von Heinrich Keupp |
| 264 | 1 | |a München [u.a.] |b Urban und Schwarzenberg |c 1974 | |
| 300 | |a XV, 443 S. |b graph. Darst., Kt. |c 8" | ||
| 336 | |a Text |b txt |2 rdacontent | ||
| 337 | |a ohne Hilfsmittel zu benutzen |b n |2 rdamedia | ||
| 338 | |a Band |b nc |2 rdacarrier | ||
| 490 | 1 | |a Medizin und Sozialwissenschaften |v 1 | |
| 500 | |a Literaturverz. S. 402 - 430 | ||
| 583 | 1 | |a Archivierung/Langzeitarchivierung gewährleistet |c 2023 |f SLG |x XA-DE-BW |2 pdager |5 DE-289 | |
| 650 | 0 | |a Social psychiatry | |
| 650 | 0 | |a Mental Disorders |x Addresses and lectures | |
| 650 | 0 | |a Public Health |x Addresses and lectures | |
| 650 | 0 | |a Social Conditions |x Addresses and lectures | |
| 650 | 2 | |a Mental Disorders | |
| 650 | 2 | |a Socioeconomic Factors | |
| 650 | 0 | 7 | |0 (DE-588)4055898-8 |0 (DE-627)106156489 |0 (DE-576)209115831 |a Sozialstruktur |2 gnd |
| 650 | 0 | 7 | |0 (DE-588)4062872-3 |0 (DE-627)106129902 |0 (DE-576)209146427 |a Verhaltensstörung |2 gnd |
| 650 | 4 | |a Klinische Psychologie | |
| 650 | 4 | |a Soziales Verhalten | |
| 650 | 4 | |a Verhaltensauffälligkeit | |
| 650 | 4 | |a Soziale Schichtung | |
| 650 | 4 | |a Psychiatrie | |
| 650 | 4 | |a Verhaltensstörung | |
| 650 | 4 | |a Sozialstruktur | |
| 650 | 4 | |a Sozialpsychiatrie | |
| 650 | 4 | |a psychische Störung, Epidemiologie, Forschung | |
| 655 | 7 | |a Aufsatzsammlung |0 (DE-588)4143413-4 |0 (DE-627)105605727 |0 (DE-576)209726091 |2 gnd-content | |
| 689 | 0 | 0 | |d s |0 (DE-588)4055898-8 |0 (DE-627)106156489 |0 (DE-576)209115831 |a Sozialstruktur |2 gnd |
| 689 | 0 | 1 | |d s |0 (DE-588)4062872-3 |0 (DE-627)106129902 |0 (DE-576)209146427 |a Verhaltensstörung |2 gnd |
| 689 | 0 | |5 DE-101 | |
| 689 | 1 | 0 | |d s |0 (DE-588)4062872-3 |0 (DE-627)106129902 |0 (DE-576)209146427 |a Verhaltensstörung |2 gnd |
| 689 | 1 | |5 (DE-627) | |
| 700 | 1 | |a Keupp, Heiner |d 1943- |e Hrsg. |0 (DE-588)115525726 |0 (DE-627)077306961 |0 (DE-576)164225587 |4 edt | |
| 830 | 0 | |a Medizin und Sozialwissenschaften |v 1 |9 1 |w (DE-627)129405485 |w (DE-576)004331958 |w (DE-600)187344-1 |x 0341-1494 |7 am | |
| 856 | 4 | 2 | |u http://scans.hebis.de/HEBCGI/show.pl?02534081_toc.pdf |m V:DE-603;B:DE-17 |q application/pdf |3 Inhaltsverzeichnis |7 1 |
| 889 | |w (DE-627)321408179 | ||
| 935 | |i sf | ||
| 935 | |i Blocktest | ||
| 935 | |h HEB |i 0501 | ||
| 935 | |h HEB |i 0503 | ||
| 936 | r | v | |a YH 3100 |b Allgemeines |k Medizin |k Psychiatrie, Medizinische Psychologie |k Umweltpsychologie |k Allgemeines |0 (DE-627)127169185X |0 (DE-625)rvk/153536:12905 |0 (DE-576)20169185X |
| 936 | r | v | |a YH 4600 |b Allgemeines |k Medizin |k Psychiatrie, Medizinische Psychologie |k Allgemeine medizinische Psychologie, Psychopathologie |k Sozialpsychiatrie (s.a. Medizin und Soziologie XC 2650; Sozialmedizin s. XF 1500 ff, Sozialpsychologie s. CV) |k Allgemeines |0 (DE-627)1270878697 |0 (DE-625)rvk/153546:12905 |0 (DE-576)200878697 |
| 936 | r | v | |a MS 6250 |b Sozialpsychiatrie, Psychiatrie, Psychische Gesundheit |k Soziologie |k Spezielle Soziologien |k Medizinsoziologie |k Sozialpsychiatrie, Psychiatrie, Psychische Gesundheit |0 (DE-627)1271441381 |0 (DE-625)rvk/123746: |0 (DE-576)201441381 |
| 936 | r | v | |a CU 9500 |b Sonstiges |k Psychologie |k Klinische Psychologie |k Sonstiges |0 (DE-627)1271490420 |0 (DE-625)rvk/19149: |0 (DE-576)201490420 |
| 936 | r | v | |a CU 4000 |b Spezielle Verhaltensstörungen und Symptome |k Psychologie |k Klinische Psychologie |k Psychische Störungen |k Spezielle Verhaltensstörungen und Symptome |0 (DE-627)1270710176 |0 (DE-625)rvk/19113: |0 (DE-576)200710176 |
| 936 | r | v | |a ZX 9840 |b Allgemeines; Einführungen |k Sport |k Sportwissenschaft |k Sportmedizin |k Sporttherapie, Bewegungstherapie |k Bewegungstherapie in der Neurologie, Psychiatrie |k Allgemeines; Einführungen |0 (DE-627)127156209X |0 (DE-625)rvk/158536:14257 |0 (DE-576)20156209X |
| 936 | b | k | |a 44.91 |j Psychiatrie |j Psychopathologie |0 (DE-627)106409972 |
| 936 | s | n | |a c200 |2 mzub |
| 936 | s | n | |a m200 |2 mzub |
| 936 | s | n | |a w200 |2 mzub |
| 936 | s | n | |a z300 |2 mzub |
| 951 | |a BO | ||
| ELC | |b 1 | ||
| LOK | |0 000 xxxxxcx a22 zn 4500 | ||
| LOK | |0 001 3089285681 | ||
| LOK | |0 003 DE-627 | ||
| LOK | |0 004 021989737 | ||
| LOK | |0 005 20020607000000 | ||
| LOK | |0 008 921228||||||||||||||||ger||||||| | ||
| LOK | |0 040 |a DE-21-110 |c DE-627 |d DE-21-110 | ||
| LOK | |0 852 |a DE-21-110 | ||
| LOK | |0 852 1 |c M VIII 30 |m p |9 00 | ||
| LOK | |0 935 |a k110 | ||
| LOK | |0 936ln |a 8.6.8 | ||
| LOK | |0 938 |k p | ||
| LOK | |0 939 |a 28-12-92 |b l01 | ||
| ORI | |a SA-MARC-krimdoka001.raw | ||
| SIG | |a IFK: M VIII 30 | ||
